Rejestracje woj. Podkarpackie - Statystyki

Ogólne statystyki
  • Ten quiz został rozwiązany 369 razy
  • Średni wynik to 23 z 25
Statystyki odpowiedzi
Powiat Odpowiedź % Poprawnych
Krosno RK
99%
Przemyśl RP
99%
Tarnobrzeg RT
99%
Rzeszów RZ
99%
Jarosławski RJA
96%
Łańcucki RLA
96%
Przemyski RPR
96%
Sanocki RSA
96%
Rzeszowski RZE
96%
Mielecki RMI
95%
Dębicki RDE
94%
Krośnieński RKR
94%
Leżajski RLE
94%
Stalowowolski RST
94%
Brzozowski RBR
93%
Niżański RNI
93%
Tarnobrzeski RTA
93%
Jasielski RJS
92%
Lubaczowski RLU
92%
Przeworski RPZ
92%
Kolbuszowski RKL
91%
Leski RLS
91%
Ropczycko-Sędziszowski RRS
91%
Bieszczadzki RBI
90%
Strzyżowski RSR
87%
Nie znaleziono quizów pasujących do podanych kryteriów
Rozkład punktacji
Procent ludzi z każdym wynikiem
Percentyl według liczby udzielonych odpowiedzi
Twoja historia wyników
Nie rozwiązałeś tego quizu